Statistiche per Paesi più vicini al Myanmar

Clicka qui per fare il quiz!

Statistiche generali

  • Questo quiz è stato fatto 39 volte
  • Il punteggio medio è 17 su 20

Statistiche sulle risposte

kmnazione% Corretto
0Cina
100%
0India
100%
0Laos
100%
126Vietnam
100%
324Cambogia
97%
0Thailandia
97%
297Bhutan
95%
539Indonesia
95%
590Nepal
95%
1994Pakistan
95%
0Bangladesh
92%
405Malesia
92%
1109Singapore
86%
1629Sri Lanka
86%
1576Mongolia
81%
1767Taiwan
73%
1780Brunei
65%
2055Filippine
65%
2179Kazakistan
54%
2170Kirghizistan
43%

Distribuzione punteggi

Percentile per numero di risposta

Percentuale di utenti per punteggio

I tuoi punteggi nel tempo

Non hai fatto questo quiz